| 000 | 00365nam a22001457a 4500 | ||
|---|---|---|---|
| 005 | 20180319113515.0 | ||
| 008 | 160526b xxu||||| |||| 00| 0 eng d | ||
| 041 | _aeng | ||
| 082 |
_b5179 _a336.205 |
||
| 245 | _aManaging and Marketing of Financial Services | ||
| 260 |
_aNew Delhi _bAcademic Faundation |
||
| 300 | _a369 | ||
| 650 |
_aManagement _9241 |
||
| 942 | _cBK | ||
| 999 |
_c1808 _d1807 |
||